| 000 | 00996cam a22002533a 4500 | ||
|---|---|---|---|
| 001 | 352 | ||
| 003 | PGUSA | ||
| 005 | 20140828082947.0 | ||
| 008 | 951101s1995||||xxu|||||s|||||000 1 eng d | ||
| 040 |
_aPGUSA _beng |
||
| 042 | _adc | ||
| 050 | 4 | _aPS | |
| 100 | 1 |
_aFerber, Edna, _d1885-1968 |
|
| 245 | 1 | 0 |
_aButtered Side Down : _bStories _h[electronic resource] / _cEdna Ferber |
| 260 |
_bProject Gutenberg, _c1995 |
||
| 505 | 0 | _aThe frog and the puddle -- The man who came back -- What she wore -- A bush league hero -- The kitchen side of the door -- One of the old girls -- Maymeys from Cuba -- The leading lady -- That home-town feeling -- The homely heroine -- Sun dried -- Where the car turns at 18th. | |
| 506 | _aPublic domain in the USA. | ||
| 516 | _aElectronic text | ||
| 653 | _aUnited States -- Social life and customs -- 20th century -- Fiction | ||
| 653 | _aShort stories | ||
| 830 | 0 |
_aProject Gutenberg _v352 |
|
| 856 | 4 | 0 | _uhttp://www.gutenberg.org/ebooks/352 |
| 942 | _cEB | ||
| 999 |
_c229703 _d229703 |
||